| 000 | 00887nam a2200277 i 4500 | ||
|---|---|---|---|
| 001 | 16613 | ||
| 003 | ES-MaACL | ||
| 005 | 20250727165602.0 | ||
| 007 | t| | ||
| 008 | 001019s1999 sp co |||| | spa d | ||
| 020 | _a84-7509-621-2 | ||
| 080 | _a77 | ||
| 100 | 1 |
_aBarthes, Roland. _926125 |
|
| 245 | 1 | 3 |
_aLa cámara lúcida _b: nota sobre la fotografía / _cRoland Barthes ;[traducción de Joaquim Sala-Sanahuja]. |
| 250 | _a7ª ed. | ||
| 260 |
_aBarcelona : _bPaidós Ibérica, _c1999. |
||
| 300 |
_a207 p. : _bfot., retr. ; _c22 cm. |
||
| 490 | 1 |
_aPaidós comunicación ; _v43 |
|
| 500 | _aÍndice de fotógrafos. | ||
| 504 | _aBibliografía: p. 201-203, 206-207. | ||
| 650 | 1 | 4 |
_aFotografía- _xFilosofía _912953 |
| 700 | 1 |
_aSala Sanahuja, Joaquín. _9145090 |
|
| 830 | 0 |
_aPaidós comunicación ; _v43 _9177927 |
|
| 852 |
_aES-MaACL _jL-23852 |
||
| 999 |
_c16613 _d16613 |
||